List the Monarchies of the World - Statistics

General Stats
  • This quiz has been taken 157 times
  • The average score is 32 of 44
Answer Stats
Type of Monarchy Answer % Correct
Constitutional United Kingdom
97%
Constitutional Sweden
91%
Constitutional Norway
90%
Absolute Saudi Arabia
90%
Constitutional Belgium
89%
Constitutional Netherlands
87%
Constitutional Denmark
86%
Constitutional Spain
84%
Absolute Oman
83%
Constitutional Thailand
83%
Constitutional Andorra
82%
Constitutional Australia
81%
Constitutional Canada
81%
Mixed Qatar
81%
Mixed Bahrain
80%
Constitutional Brunei
80%
Constitutional Japan
79%
Constitutional Luxembourg
79%
Constitutional Jordan
77%
Constitutional Monaco
77%
Constitutional Bhutan
75%
Absolute Vatican City State
75%
Constitutional Malaysia
74%
Constitutional Cambodia
73%
Constitutional Liechtenstein
73%
Constitutional New Zealand
73%
Constitutional Lesotho
71%
Constitutional Kuwait
69%
Constitutional Tonga
68%
Constitutional Bahamas
66%
Absolute Swaziland
66%
Constitutional Morocco
64%
Constitutional Barbados
63%
Constitutional Saint Kitts and Nevis
63%
Constitutional Saint Lucia
63%
Constitutional Jamaica
60%
Constitutional Antigua and Barbuda
58%
Constitutional Saint Vincent and the Grenadines
58%
Constitutional Grenada
55%
Constitutional Tuvalu
55%
Mixed United Arab Emirates
51%
Constitutional Belize
50%
Constitutional Solomon Islands
44%
Constitutional Papua New Guinea
40%
No matching quizzes found
Score Distribution
Percent of People with Each Score
Percentile by Number Answered
Your Score History
You have not taken this quiz